Antón Pirulero : rondas de la abuela /
La reina de los mares -- El huevo podrido -- Antón pirulero -- La pájara pinta -- La batalla del calentamiento -- Sale el trencito -- Se me ha perdido una niña -- Amo ato -- Ronda de la luna -- Serena estaba la mar
Guardado en:
| Autor Principal: | |
|---|---|
| Otros Autores: | |
| Formato: | Libro |
| Publicado: |
Buenos Aires :
Kumquat,
2013.
|
| Edición: | 1a. ed. 1a reimp. |
| Series: | Colección de la abuela
|
| Materias: | |
| Etiquetas: |
Agregar Etiqueta
Sin Etiquetas, Sea el primero en etiquetar este registro!
|
| LEADER | 00998nam a22002415a 4500 | ||
|---|---|---|---|
| 001 | CEM.cems024657 | ||
| 008 | 250604s2013##################000#0#####d | ||
| 005 | 20250604144259.0 | ||
| 245 | 1 | 0 | |a Antón Pirulero : |b rondas de la abuela / |c Alejandra Longo ; ilustrado Por Clara Harrington Villaverde. |
| 250 | |a 1a. ed. 1a reimp. | ||
| 260 | |a Buenos Aires : |b Kumquat, |c 2013. | ||
| 300 | |a 24 p. | ||
| 490 | 1 | |a Colección de la abuela | |
| 520 | |a La reina de los mares -- El huevo podrido -- Antón pirulero -- La pájara pinta -- La batalla del calentamiento -- Sale el trencito -- Se me ha perdido una niña -- Amo ato -- Ronda de la luna -- Serena estaba la mar | ||
| 020 | |a 9789879846018 | ||
| 100 | 1 | |a Longo, Alejandra | |
| 700 | 1 | |a Harrington Villaverde, Clara; il. | |
| 653 | |a Literatura argentina | ||
| 653 | |a Literatura infantil | ||
| 653 | |a Poesía infantil | ||
| 653 | |a Canciones infantiles | ||
| 653 | |a Folklore | ||
| 859 | |a CEMS |b BIB. CEMS - Inicial y Primaria |h A861.4 |i L864-2 |k IP |p 4112 |t Ej.1 | ||
